00781nam a22002417a 450000500170000001000110001702000100002803500110003803700160004904000120006508200130007710000310009024500550012126000280017627000130020430000260021750000190024365000270026265000260028994200220031599900190033795201830035620170124110145.0 a744560 c00.00 a744560 bCen Lib/Ret aDPLbEN a628bDAV aDavies, J. Clarence933172 aThe politics of pollution /cby J. Clarence Davies bPegasusaNew Yorkc1970 bNew York axiii,231p. c20cm(Hb) aIncludes index aExecutive skill933173 aPolicy process910522 2ddccENh628mDAV c131910d131910 04104070aLbLd2015-07-16eCen Lib/Retg0.00l0o628 DAVp744560r2015-07-16 00:00:00t1v0.00w2015-07-16yENzWritten off on approval by DLB (By Circulation); dtd 15-06-2023